[Event "Titled Tue 27th May Early"]
[Site "chess.com INT"]
[Date "2025.05.27"]
[Round "11"]
[White "Barrientos, Ernesto"]
[Black "Yang, Kaiqi"]
[Result "1-0"]
[WhiteTitle "CM"]
[BlackTitle "GM"]
[WhiteElo "2027"]
[BlackElo "2481"]
[WhiteFideId "3701247"]
[BlackFideId "8604398"]
[EventDate "2025.05.27"]

1. Nf3 d5 2. b3 Bg4 3. e3 e5 4. h3 Bxf3 5. Qxf3 Nc6 6. c4 e4 7. Qh5 Nf6 8. Qd1
d4 9. Bb2 Bc5 10. a3 a5 11. Be2 d3 12. Bf1 O-O 13. g3 Re8 14. Bg2 Bd6 15. O-O h5
16. Bxf6 Qxf6 17. Nc3 Qg6 18. h4 f5 19. Rc1 Ne5 20. c5 Be7 21. Nd5 Qf7 22. Nf4
Ng4 23. f3 Nf6 24. fxe4 fxe4 25. Bh3 Bf8 26. Bf5 Re5 27. Bg6 Qd7 28. b4 axb4 29.
axb4 Qg4 30. Qxg4 hxg4 31. Ra1 Rb8 32. Ra7 b6 33. c6 Bxb4 34. Rxc7 Bd6 35. Rb7
Rc8 36. Rxb6 Rc5 37. Rfb1 R5xc6 38. Rxc6 Rxc6 39. h5 Kf8 40. Ne6+ Kg8 41. Nd4
Rc8 42. Nf5 Be5 43. Rb7 Nd5 44. Bf7+ Kh7 45. Bxd5 Rc2 46. Bxe4 Rxd2 47. Nxg7+
Kh6 48. Nf5+ Kxh5 49. Rb5 Rd1+ 50. Kf2 Rd2+ 51. Ke1 Bc3 52. Kf1 Rd1+ 53. Kf2
Rd2+ 54. Kg1 Rd1+ 55. Kh2 d2 56. Nd4+ Kh6 57. Nf5+ Kg5 58. Nh4+ Kf6 59. Rf5+ Ke6
60. Ng2 Rh1+ 61. Kxh1 d1=Q+ 62. Kh2 Be5 63. Rh5 Qe2 64. Bf5+ Kd6 65. Bxg4 Qxg4
66. Rh3 1-0

[Event "Titled Tue 27th May Early"]
[Site "chess.com INT"]
[Date "2025.05.27"]
[Round "11"]
[White "Khazhatuly, Alikhan"]
[Black "Golubovic, Erik"]
[Result "1-0"]
[WhiteTitle "CM"]
[BlackTitle "CM"]
[WhiteElo "2196"]
[BlackElo "2184"]
[WhiteFideId "13731335"]
[BlackFideId "14586908"]
[EventDate "2025.05.27"]

1. e4 c5 2. Nf3 d6 3. d4 cxd4 4. Nxd4 Nf6 5. Nc3 a6 6. Bg5 e6 7. f4 Be7 8. Qf3
Qc7 9. O-O-O Nbd7 10. Bd3 h6 11. Bh4 g5 12. fxg5 Ne5 13. Qe2 Nfd7 14. Rhf1 hxg5
15. Bg3 b5 16. a3 Rb8 17. Nf3 b4 18. axb4 Rxb4 19. Bxe5 Nxe5 20. Nxe5 dxe5 21.
Bxa6 Bxa6 22. Qxa6 O-O 23. Rf3 Rfb8 24. b3 R4b6 25. Qa4 Rc6 26. Rdd3 Rc8 27. Qa1
Bb4 28. Kd2 Rxc3 29. Rxc3 Qb6 30. Ke2 Bxc3 31. Rxc3 Rd8 32. Rd3 Rc8 33. c4 Qb4
34. Qc1 Qc5 35. Qxg5+ Kf8 36. Rd8+ Rxd8 37. Qxd8+ Kg7 38. Qg5+ Kf8 39. Qe3 Qb4
40. h4 Qa3 41. h5 Qb2+ 42. Kf3 Qb1 43. h6 Qd1+ 44. Kg3 Qh5 45. c5 Qg6+ 46. Kf2
Ke7 47. b4 Kd7 48. b5 Qh5 49. c6+ Kc7 50. Qa7+ Kd6 51. Qe3 Qg6 52. Qd3+ Kc7 53.
Qe3 Qh5 54. Kg1 Qh4 55. Qa7+ Kd6 56. Qd7+ Kc5 57. Qd2 Kxb5 58. c7 Qxe4 59. c8=Q 1-0

[Event "Titled Tue 27th May Early"]
[Site "chess.com INT"]
[Date "2025.05.27"]
[Round "11"]
[White "Kawka, Milena"]
[Black "Kjaergaard-Jensen, Jesper"]
[Result "1-0"]
[WhiteTitle "WCM"]
[BlackTitle "CM"]
[WhiteElo "2004"]
[BlackElo "2081"]
[WhiteFideId "21095167"]
[BlackFideId "1406990"]
[EventDate "2025.05.27"]

1. e4 Nf6 2. e5 Nd5 3. d4 d6 4. c4 Nb6 5. exd6 cxd6 6. Nc3 Bf5 7. Bd3 Bg6 8. h4
e6 9. h5 Bxd3 10. Qxd3 Qc8 11. b3 Nc6 12. Nf3 Nb4 13. Qe2 d5 14. c5 Be7 15. a3
Na6 16. Bd2 Nd7 17. h6 g6 18. b4 Qd8 19. O-O O-O 20. b5 Nc7 21. a4 Ne8 22. Bf4
Bf6 23. Rac1 Rc8 24. Rfe1 Qa5 25. Bd2 Qc7 26. g3 a6 27. b6 Qc6 28. Bf4 Bh8 29.
Ra1 Nxc5 30. Ne5 Bxe5 31. Bxe5 Nd7 32. Rac1 f6 33. Bf4 e5 34. Be3 e4 35. Qg4 Qd6
36. Bf4 Qe7 37. Nxd5 Qf7 38. Rxc8 f5 39. Qd1 Qxd5 40. Rd8 Qe6 41. Qc2 Qe7 42.
Rc8 Nxb6 43. Qb3+ Qf7 44. Qxb6 g5 45. Qc7 Qg6 46. Be5 Nxc7 47. Rxf8+ Kxf8 48.
Bxc7 f4 49. Be5 f3 50. Rd1 Qf5 51. Kf1 Qh3+ 52. Ke1 Qh1+ 53. Kd2 Qg2 54. Ke3 Qh3
55. Rg1 Qxh6 56. Rc1 g4+ 57. Bf4 Qe6 58. Rc7 h5 59. Rxb7 1-0

[Event "Titled Tue 27th May Early"]
[Site "chess.com INT"]
[Date "2025.05.27"]
[Round "11"]
[White "Tilahun, Abel Mathewos"]
[Black "Troltenier, Dirk"]
[Result "0-1"]
[WhiteTitle "CM"]
[BlackTitle "FM"]
[WhiteElo "1944"]
[BlackElo "2174"]
[WhiteFideId "15702391"]
[BlackFideId "4606400"]
[EventDate "2025.05.27"]

1. c4 e6 2. d4 d5 3. Nc3 c5 4. e3 Nf6 5. Nf3 Nc6 6. a3 a6 7. dxc5 Bxc5 8. Bd3
O-O 9. O-O dxc4 10. Bxc4 b5 11. Bd3 Bb7 12. b4 Bd6 13. Bb2 Qe7 14. Ne4 Nxe4 15.
Bxe4 f5 16. Bc2 Rad8 17. Qe2 e5 18. Bb3+ Kh8 19. Rfd1 e4 20. Nd4 Nxd4 21. Bxd4
f4 22. exf4 Bxf4 23. Bc5 Bd6 24. Rxd6 Rxd6 25. Bxd6 Qxd6 26. Rd1 Qe5 27. h3 h6
28. Qe3 Rc8 29. Rc1 Rd8 30. Rc5 Qa1+ 31. Qc1 Qxc1+ 32. Rxc1 Rd3 33. Rb1 e3 34.
fxe3 Rxe3 35. a4 Re2 36. Kf1 Rxg2 37. axb5 axb5 38. Re1 Rb2 39. Bf7 g5 40. Bg6
Bg2+ 41. Kg1 Bxh3 42. Re7 Rxb4 43. Kf2 Bg4 44. Kg3 h5 45. Rb7 Rb3+ 46. Kf2 h4
47. Bf7 Rb2+ 48. Ke3 b4 49. Kd4 h3 50. Ke5 h2 51. Kf6 Rc2 52. Rb8+ Rc8 53. Rxb4
h1=Q 54. Rxg4 Qf3+ 55. Kxg5 Rc5+ 56. Kh4 Qxf7 57. Rg3 Qh5# 0-1

[Event "Titled Tue 27th May Early"]
[Site "chess.com INT"]
[Date "2025.05.27"]
[Round "11"]
[White "Gonzalez Vega, Alejandro"]
[Black "Emeliantsev, Anatoliy"]
[Result "1/2-1/2"]
[WhiteTitle "FM"]
[BlackTitle "FM"]
[WhiteElo "2092"]
[BlackElo "2359"]
[WhiteFideId "3510042"]
[BlackFideId "4160681"]
[EventDate "2025.05.27"]

1. d4 Nf6 2. c4 g6 3. Nc3 Bg7 4. Nf3 O-O 5. Bf4 d6 6. e3 Bg4 7. Be2 Nbd7 8. O-O
c6 9. h3 Bxf3 10. Bxf3 e5 11. Bh2 Re8 12. Re1 e4 13. Be2 Nf8 14. Qc2 h5 15. b4
Rc8 16. Rad1 d5 17. c5 b5 18. a4 a6 19. axb5 axb5 20. Ra1 Ra8 21. Qb2 Qd7 22.
Rxa8 Rxa8 23. Ra1 Qb7 24. Ra2 Ne6 25. Qa1 Rxa2 26. Qxa2 Nd7 27. Qa5 Bf6 28. Nxb5
cxb5 29. Bxb5 Qc8 30. Qa7 Ndf8 31. Bd6 Bxd4 32. Ba6 Qe8 33. Qb7 Qa4 34. Qxd5
Qxa6 35. exd4 Qa1+ 36. Kh2 Qxd4 37. Qxd4 Nxd4 38. Be5 Nb5 39. Kg3 Ne6 40. Bf6
Kf8 41. h4 Ke8 42. f3 exf3 43. Kxf3 Kd7 44. Ke4 Kc6 45. g3 Nbc7 46. Bb2 Nd5 47.
Ba3 Nc3+ 48. Ke5 Nb5 49. Bb2 Nbc7 50. Kf6 Nd8 51. Ke7 Nce6 52. Bf6 Kb5 53. c6
Nxc6+ 54. Kxf7 Ned4 55. Bxd4 Nxd4 56. Kxg6 Ne6 57. Kxh5 Kxb4 58. Kg6 Kc5 59. h5
Kd6 60. Kf7 Ng5+ 61. Kg6 Ne6 62. h6 Ke5 63. Kf7 Ng5+ 64. Kg6 Ne6 65. g4 Kf4 66.
h7 Nf8+ 67. Kg7 Nxh7 68. Kxh7 Kxg4 1/2-1/2

[Event "Titled Tue 27th May Early"]
[Site "chess.com INT"]
[Date "2025.05.27"]
[Round "11"]
[White "Pham, Le Thao Nguyen"]
[Black "Marchesich, Giovanni"]
[Result "1-0"]
[WhiteTitle "IM"]
[BlackTitle "CM"]
[WhiteElo "2388"]
[BlackElo "2219"]
[WhiteFideId "12401226"]
[BlackFideId "2824790"]
[EventDate "2025.05.27"]

1. d4 g6 2. Nf3 Bg7 3. Bf4 d6 4. c3 Nd7 5. Nbd2 b6 6. h4 h6 7. e3 Bb7 8. Bc4 e6
9. Qe2 Ne7 10. a4 a5 11. e4 e5 12. Be3 O-O 13. h5 g5 14. Nh2 c6 15. f3 d5 16.
Bd3 c5 17. dxc5 d4 18. Bf2 Nxc5 19. Bb5 f5 20. O-O d3 21. Qe1 fxe4 22. fxe4 Kh8
23. Bxc5 bxc5 24. Qe3 Qd6 25. Rxf8+ Rxf8 26. Nhf1 Bc6 27. Qxd3 Qxd3 28. Bxd3 Rd8
29. Bc4 g4 30. b3 Bf6 31. Kf2 Bg5 32. Ke2 Nc8 33. Rd1 Rf8 34. Ng3 Rf4 35. Bd5
Bd7 36. c4 Nd6 37. Ndf1 Bh4 38. Rd3 Ne8 39. Bf7 Nf6 40. Bg6 Bc6 41. Re3 Bg5 42.
Rd3 Nxe4 43. Nxe4 Bxe4 44. Bxe4 Rxe4+ 45. Kd1 Rf4 46. Ke2 Re4+ 47. Kd1 Bh4 48.
Ne3 Rf4 49. Nd5 Rf1+ 50. Kc2 Bg5 51. Rg3 Rf2+ 52. Kd3 Rb2 53. Ke4 Re2+ 54. Kf5
Kg7 55. Rxg4 Kf7 56. Nc7 Bf4 57. Ne6 Bg5 58. Nxc5 Be7 59. Ne4 Rb2 60. Kxe5 Rxb3
61. Kd5 Rb4 62. Rf4+ Ke8 63. c5 Kd7 64. c6+ Kc7 65. Rf7 Kd8 66. c7+ Kxc7 67.
Rxe7+ Kd8 68. Rh7 Rxa4 69. Rxh6 Rb4 70. g4 1-0

[Event "Titled Tue 27th May Early"]
[Site "chess.com INT"]
[Date "2025.05.27"]
[Round "11"]
[White "Cuellar Montes, Alejandro"]
[Black "Sydoryka, Vladyslav"]
[Result "0-1"]
[WhiteTitle "CM"]
[BlackTitle "FM"]
[WhiteElo "2173"]
[BlackElo "2224"]
[WhiteFideId "32096836"]
[BlackFideId "14145928"]
[EventDate "2025.05.27"]

1. d4 Nf6 2. c4 c5 3. d5 b5 4. cxb5 a6 5. bxa6 g6 6. Nc3 Bg7 7. e4 O-O 8. Nf3
Qa5 9. Bd2 Bxa6 10. a4 Bxf1 11. Kxf1 e6 12. dxe6 fxe6 13. Qe2 Qb6 14. Nb5 d5 15.
a5 Qc6 16. Ne5 Qb7 17. exd5 exd5 18. Nf3 Ne4 19. Bc3 d4 20. Bd2 Rxf3 21. gxf3
Nxd2+ 22. Qxd2 Qxb5+ 23. Qe2 Qd7 24. Qe4 Nc6 25. h4 d3 26. Kg2 d2 27. a6 Bxb2
28. Ra2 Bg7 29. Rd1 Bh6 30. Rc2 Nd4 31. Qxa8+ Kg7 32. Rxc5 Ne6 33. Qb7 Nxc5 34.
Qxd7+ Nxd7 35. a7 Nb6 36. a8=Q Nxa8 37. Kg3 Nb6 38. f4 Nc4 39. Kf3 Kf6 40. Ke4
Bf8 41. Kd4 Nd6 42. Rxd2 Kf5 43. Re2 Kxf4 44. Kd5 Nf5 45. Re6 Kf3 46. Rf6 Bg7
47. Rf7 Kxf2 48. Ke6 Kg3 49. h5 Kg4 50. hxg6 hxg6 51. Ra7 Kg5 52. Ra5 Bd4 53.
Ra4 Bf2 54. Kd5 Ng3 55. Ke5 Be3 56. Ra2 Bf4+ 57. Kd4 Kg4 58. Kd3 g5 59. Ra5 Kf3
60. Ra1 g4 61. Rb1 Be3 62. Rb8 Bf4 63. Rf8 Ne4 64. Re8 Nf2+ 65. Kd4 g3 66. Rg8
Ng4 67. Re8 Be3+ 68. Kd3 g2 0-1

[Event "Titled Tue 27th May Early"]
[Site "chess.com INT"]
[Date "2025.05.27"]
[Round "11"]
[White "Herrera Ortiz, Miguel"]
[Black "Bruhovich, Olexandr"]
[Result "1-0"]
[WhiteTitle "IM"]
[BlackTitle "CM"]
[WhiteElo "2174"]
[BlackElo "2208"]
[WhiteFideId "5100550"]
[BlackFideId "14119919"]
[EventDate "2025.05.27"]

1. e4 c5 2. Nf3 d6 3. c3 g6 4. d4 cxd4 5. cxd4 Bg7 6. Nc3 Nf6 7. h3 Nc6 8. Be2
O-O 9. O-O Bd7 10. Be3 Rc8 11. d5 Na5 12. Nd2 b6 13. Rc1 e6 14. dxe6 Bxe6 15.
Ba6 Rc7 16. Nb5 Rxc1 17. Qxc1 Bxa2 18. Qc2 Be6 19. b4 Bd7 20. bxa5 Qe7 21. axb6
axb6 22. Nc3 Ra8 23. Be2 Rc8 24. Qd3 b5 25. Nxb5 Bxb5 26. Qxb5 Nxe4 27. Nxe4
Qxe4 28. Bf3 Qe7 29. Rd1 Be5 30. Qd5 Rb8 31. g3 h5 32. h4 Bxg3 33. Bg5 Qe5 34.
fxg3 Qxg3+ 35. Bg2 Rb2 36. Qf3 Qe5 37. Rf1 Qc5+ 38. Kh1 Qc4 39. Qf4 Qe6 40. Bf6
Rb3 41. Qh6 Rh3+ 42. Kg1 Qe3+ 43. Qxe3 Rxe3 44. Bg5 Re8 45. Rd1 Re6 46. Bh3 f5
47. Bg2 Kf8 48. Bd5 Re5 49. Bf4 Re2 50. Bxd6+ Ke8 51. Bf3 Re3 52. Bc6+ Kf7 53.
Bf4 Rc3 54. Bd5+ Ke7 55. Bg5+ Kd6 56. Bf7+ Ke5 57. Bxg6 Ke4 58. Bxh5 f4 59. Re1+
Kf5 60. Be2 f3 61. Bf1 Kg4 62. Re4+ Kg3 63. Bf4+ Kg4 64. Bd2+ Kf5 65. Bxc3 Kxe4
66. h5 f2+ 67. Kxf2 Kf5 68. Bd3+ Kg5 69. Bg6 Kh6 70. Bd2+ Kg7 71. Bg5 Kh8 72.
Kg3 Kg8 73. Kg4 Kh8 74. Kf5 Kg8 75. h6 Kh8 76. Bf6+ Kg8 77. h7+ Kf8 78. h8=Q# 1-0

[Event "Titled Tue 27th May Early"]
[Site "chess.com INT"]
[Date "2025.05.27"]
[Round "11"]
[White "Goltsev, Dmitry"]
[Black "Burmakin, Vladimir"]
[Result "1-0"]
[WhiteTitle "FM"]
[BlackTitle "GM"]
[WhiteElo "2183"]
[BlackElo "2435"]
[WhiteFideId "24176710"]
[BlackFideId "4105109"]
[EventDate "2025.05.27"]

1. d4 d5 2. Nc3 c6 3. e4 dxe4 4. Nxe4 Bf5 5. Ng3 Bg6 6. Nh3 e6 7. Nf4 Bd6 8. c3
Nf6 9. h4 Bxf4 10. Bxf4 h6 11. Qf3 Nbd7 12. Bc4 Nb6 13. Bb3 O-O 14. O-O a5 15.
a4 Nbd5 16. Bd2 Qb6 17. Ra3 Rad8 18. Re1 Rfe8 19. Bc1 Qc7 20. h5 Bh7 21. Nf1 Bf5
22. Nh2 Bh7 23. Ra1 e5 24. dxe5 Rxe5 25. Bd2 Rxe1+ 26. Rxe1 Qb6 27. Bxd5 cxd5
28. b4 Ne4 29. Be3 Qc6 30. Bd4 axb4 31. cxb4 Qxa4 32. Ng4 Qxb4 33. Rd1 Qe7 34.
Qe3 Qg5 35. Qf3 Bf5 36. Ne5 Be6 37. Bb2 b5 38. Nc6 Re8 39. Ne5 b4 40. Qd3 Qxh5
41. Qd4 Nf6 42. Qxb4 Qxd1+ 43. Kh2 Qh5+ 44. Kg1 Qf5 45. Qb5 Rc8 46. Nc6 Rxc6 47.
Qxc6 Qb1+ 48. Bc1 Ne4 49. f3 Nf6 50. Kh2 Kh7 51. Bf4 Qf5 52. Qc1 h5 53. Kg1 d4
54. Qd2 Nd5 55. Bd6 Qf6 56. Bc5 Qf4 57. Qd3+ Bf5 58. Qd1 d3 59. Qe1 Qc4 60. Bb4
Qc2 61. Bd2 g6 62. Qe5 Be6 63. Qe1 h4 64. Kh2 1-0

[Event "Titled Tue 27th May Early"]
[Site "chess.com INT"]
[Date "2025.05.27"]
[Round "11"]
[White "Thorhallsson, Simon"]
[Black "Masague Artero, Guerau"]
[Result "0-1"]
[WhiteTitle "FM"]
[BlackTitle "FM"]
[WhiteElo "2218"]
[BlackElo "2326"]
[WhiteFideId "2310090"]
[BlackFideId "32098952"]
[EventDate "2025.05.27"]

1. Nf3 d5 2. g3 Nc6 3. Bg2 e5 4. d3 f6 5. O-O Be6 6. c4 dxc4 7. dxc4 Qxd1 8.
Rxd1 Bxc4 9. Nc3 Nge7 10. Nd2 Ba6 11. Nb3 b6 12. a4 Bb7 13. a5 Rd8 14. Rxd8+
Kxd8 15. Be3 Nf5 16. Rd1+ Bd6 17. Nb5 Ke7 18. a6 Ba8 19. Rc1 Nb4 20. Nxc7 Bxg2
21. Kxg2 Kd7 22. Nb5 Ra8 23. Rd1 Ke6 24. g4 Nxe3+ 25. fxe3 Bb8 26. Rd8 Nxa6 27.
Rh8 h6 28. Nd2 Kd5 29. e4+ Kc6 30. Nc3 Nc7 31. Nc4 a5 32. Nd5 b5 33. Nxc7 Kxc7
34. Ne3 Kb7 35. Nd5 Bd6 36. Rh7 Bf8 37. Rh8 Rc8 38. h4 Kc6 39. g5 hxg5 40. hxg5
fxg5 41. Rh5 a4 42. Rxg5 Kd6 43. Rg6+ Kc5 44. Rg3 b4 45. Rd3 Rb8 46. Rd1 a3 47.
bxa3 bxa3 48. Rc1+ Kd4 49. Rd1+ Kxe4 50. Nc3+ Ke3 51. Rd3+ Kf4 52. Nd5+ Ke4 53.
Nc3+ Kf5 54. Rf3+ Ke6 55. Rg3 Rb3 56. Rf3 Bb4 57. Na2 Rxf3 58. Kxf3 Bd2 59. Ke4
g5 60. Kd3 Be1 61. Kc4 Bf2 62. Kb3 Bc5 63. Nc3 Kf5 64. Nd5 g4 65. Nc3 g3 66. e4+
Kg4 67. Ne2 g2 68. Kc4 Kf3 69. Kxc5 Kxe2 70. Kd5 g1=Q 71. Kxe5 a2 72. Kd5 a1=Q
73. e5 Qad4+ 74. Ke6 Qgg4+ 75. Ke7 Qdd7+ 76. Kf8 Qgg7# 0-1

[Event "Titled Tue 27th May Early"]
[Site "chess.com INT"]
[Date "2025.05.27"]
[Round "11"]
[White "Sarveshwaran V"]
[Black "Vlassov, Nikolai"]
[Result "0-1"]
[WhiteTitle "CM"]
[BlackTitle "IM"]
[WhiteElo "2290"]
[BlackElo "2291"]
[WhiteFideId "25699016"]
[BlackFideId "4103360"]
[EventDate "2025.05.27"]

1. e4 Nc6 2. d4 d5 3. e5 h5 4. h3 Bf5 5. c3 Qd7 6. Nf3 f6 7. Be2 O-O-O 8. a4
fxe5 9. dxe5 e6 10. Be3 Bxb1 11. Qxb1 Nge7 12. O-O Nf5 13. Bf4 Nce7 14. a5 Ng6
15. Bg5 Be7 16. Bxe7 Qxe7 17. a6 b6 18. Bd3 Ngh4 19. Bxf5 Nxf3+ 20. gxf3 Qg5+
21. Kh1 exf5 22. Rg1 Qf4 23. Qd3 Qxe5 24. Rae1 Qf6 25. f4 g6 26. Re5 Rhe8 27.
Rxd5 Qc6 28. c4 Rxd5 29. cxd5 Qd6 30. Qd4 Rd8 31. Kh2 Qxd5 32. Qxd5 Rxd5 33.
Rxg6 Rd2 34. Rg8+ Kd7 35. Kg3 Rxb2 36. Ra8 Ra2 37. Rxa7 Kc6 38. Ra8 b5 39. f3 b4
40. a7 Kc5 41. Kh4 Kc4 42. Kxh5 b3 43. Kg5 Kc3 44. h4 b2 45. Rb8 Rxa7 46. h5 c5
47. h6 Kc2 48. Kxf5 c4 49. Kg6 c3 50. f5 b1=Q 51. Rxb1 Kxb1 52. h7 Rxh7 53. Kxh7
c2 54. f6 c1=Q 55. f7 Qc2+ 56. Kg8 Qg6+ 57. Kf8 Kc2 58. f4 Kd3 59. f5 Qh7 60. f6
Ke4 61. Ke7 Ke5 62. Ke8 Qg6 63. Kf8 Kxf6 64. Ke8 Qxf7+ 65. Kd8 Ke6 66. Kc8 Kd6
67. Kb8 Kc6 68. Ka8 Qb7# 0-1

[Event "Titled Tue 27th May Early"]
[Site "chess.com INT"]
[Date "2025.05.27"]
[Round "11"]
[White "Weetik, Vjacheslav"]
[Black "Piddubna, Bozhena"]
[Result "1/2-1/2"]
[WhiteTitle "FM"]
[BlackTitle "WFM"]
[WhiteElo "2423"]
[BlackElo "2174"]
[WhiteFideId "4153472"]
[BlackFideId "34109293"]
[EventDate "2025.05.27"]

1. d4 Nf6 2. c4 e6 3. Nc3 Bb4 4. a3 Bxc3+ 5. bxc3 c5 6. e3 d6 7. Bd3 Nc6 8. Ne2
e5 9. O-O O-O 10. e4 h6 11. d5 Ne7 12. f4 exf4 13. Nxf4 Nd7 14. Qe1 Ne5 15. Qg3
Kh8 16. Ra2 Bd7 17. h3 N7g6 18. Raf2 Qe7 19. Be2 Rad8 20. Nh5 Qh4 21. Qe3 Nxc4
22. Bxc4 Qxh5 23. Be2 Qh4 24. Rxf7 Rxf7 25. Rxf7 Ne5 26. Rf4 Qg5 27. Qf2 Qe7 28.
c4 Kg8 29. Qg3 Rf8 30. Kh2 Nf7 31. h4 Ne5 32. Be3 Rxf4 33. Bxf4 Nf7 34. Bh5 Qxe4
35. Bxf7+ Kxf7 36. Bxd6 Qxc4 37. Qf2+ Kg8 38. Bxc5 Qxd5 39. Bxa7 Bc6 40. Bd4 Qe4
41. Bb2 Qd5 42. Qg3 Qf7 43. Be5 Qe7 44. Bd4 Kh7 45. h5 Qf7 46. Qg4 Bd7 47. Qe4+
Bf5 48. Qf3 Qc7+ 49. Kg1 Qd7 50. Be5 Qe6 51. Bc3 Be4 52. Qg3 Qe7 53. Be5 Qc5+
54. Kh2 Qe7 55. Qf4 Bc2 56. Bd4 Bb1 57. Be5 Bd3 58. a4 Bc2 59. a5 Bd3 60. Kg3
Bc2 61. Kh2 Qa3 62. Bd4 Qe7 63. Qe5 Qxe5+ 64. Bxe5 g6 65. g4 gxh5 66. gxh5 Bd1
67. Kg3 Bxh5 68. Kh4 Be8 69. Bf4 Kg6 70. Be3 Bc6 71. Bd2 Kf5 72. Bxh6 Ke6 73.
Be3 Kd5 74. Bb6 Kc4 75. Kg5 Kb5 76. Kf6 Ka6 77. Ke7 Bh1 78. Kd6 Bg2 79. Kc5 Bh1
80. Kb4 Bg2 81. Kc5 Bh1 1/2-1/2

[Event "Titled Tue 27th May Early"]
[Site "chess.com INT"]
[Date "2025.05.27"]
[Round "11"]
[White "Lazaro Azcutia, Miguel"]
[Black "Hehir, Michael"]
[Result "1/2-1/2"]
[WhiteTitle "CM"]
[WhiteElo "2275"]
[BlackElo "2009"]
[WhiteFideId "54538254"]
[BlackFideId "2047411"]
[EventDate "2025.05.27"]

1. e4 c5 2. Nf3 g6 3. d4 cxd4 4. Nxd4 Bg7 5. c4 Nc6 6. Be3 Qb6 7. Nb3 Qc7 8. Qd2
Nf6 9. f3 O-O 10. Nc3 a6 11. Rc1 Na5 12. Nd5 Nxb3 13. Nxc7 Nxd2 14. Nxa8 Nxf1
15. Rxf1 d6 16. Nb6 Be6 17. Bd4 Bh6 18. Rc2 Nd7 19. Nxd7 Bxd7 20. Ke2 Rc8 21.
Be3 Bg7 22. Rfc1 Be5 23. h3 h5 24. b3 Kg7 25. Bg5 Kf8 26. Be3 Ke8 27. Kf2 Bc6
28. Rd1 Bd7 29. Bd4 Bf4 30. Be3 Be5 31. Rcd2 Bc3 32. Rd3 Bb4 33. g4 hxg4 34.
hxg4 b5 35. Rc1 Be6 36. cxb5 Rxc1 37. Bxc1 axb5 38. Bd2 Bc5+ 39. Be3 Ba3 40. Ke2
Kd7 41. Kd2 Kc6 42. Kc2 Bb4 43. Kb2 Be1 44. Bd2 Bg3 45. Kc2 Be5 46. Bc3 Bf4 47.
Bd4 b4 48. Kb2 Kb5 49. a4+ bxa3+ 50. Kxa3 Bc1+ 51. Bb2 Bf4 52. Bd4 Bd7 53. Kb2
Be6 54. Bc3 Bd7 55. Rd1 Be6 56. Rh1 Kc6 57. Rh8 Kd7 58. b4 Kc6 59. Rb8 Kc7 60.
Re8 Kd7 61. Rh8 Be3 62. b5 Bc4 63. Rh7 Ke8 64. e5 dxe5 65. Bxe5 Bxb5 66. Kc3 Bc6
67. Rh3 Bg5 68. Bd4 Kd7 69. Kc4 Bb7 70. Kd3 Ba6+ 71. Kc3 Bb7 72. Kd3 Bf4 73. Be3
Bd6 74. Ke2 Ba6+ 75. Kf2 Bb7 76. Rh7 Ke6 77. Bd4 Bd5 78. Ba7 Bc4 79. Be3 Bd5 80.
Ba7 Bc4 81. Bd4 Bd5 82. Ba7 1/2-1/2

[Event "Titled Tue 27th May Early"]
[Site "chess.com INT"]
[Date "2025.05.27"]
[Round "11"]
[White "Lyutsinger, Iren"]
[Black "Aradhya, Garg"]
[Result "0-1"]
[WhiteTitle "FM"]
[BlackTitle "IM"]
[WhiteElo "2266"]
[BlackElo "2383"]
[WhiteFideId "34425969"]
[BlackFideId "25006746"]
[EventDate "2025.05.27"]

1. e4 e5 2. Nf3 Nc6 3. Bb5 a6 4. Ba4 Nf6 5. O-O Be7 6. Re1 b5 7. Bb3 O-O 8. h3
Bb7 9. c3 d5 10. exd5 Nxd5 11. d3 Qd6 12. Nbd2 Rad8 13. Ne4 Qg6 14. Qe2 Nf4 15.
Bxf4 exf4 16. Rad1 Na5 17. Bc2 c5 18. d4 cxd4 19. Nxd4 Nc6 20. Nf3 Qe6 21. Qf1
Qxa2 22. Rxd8 Rxd8 23. Rd1 Qxb2 24. Rxd8+ Nxd8 25. Qd1 h6 26. Kh2 a5 27. Ne5 a4
28. Qd3 a3 29. Nd7 g6 30. Nef6+ Kg7 31. Qd4 Ne6 32. Nh5+ Kg8 33. Nhf6+ Kh8 34.
Qe5 Qxc2 35. Nh5+ Kg8 36. Nhf6+ Bxf6 37. Nxf6+ Kf8 38. Qd6+ Kg7 39. Ne8+ Kh7 40.
Qe5 Qf5 41. Nf6+ Kg7 42. Nh5+ Kf8 43. Qb8+ Ke7 44. Qxb7+ Kd6 45. Qa6+ Kd5 46.
Qxb5+ Ke4 47. Qc4+ Ke5 48. Qb5+ Kd6 49. Qa6+ Ke7 50. Qxa3+ Qc5 51. Qxc5+ Nxc5
52. Nxf4 Ne4 53. Ne2 Nxf2 54. Kg3 Nd3 55. Kf3 Kd6 56. Ke4 Nc5+ 57. Kd4 Ne6+ 58.
Kc4 Ke5 59. Kb5 Ke4 60. c4 Kd3 61. Ng3 Nd4+ 62. Kb6 Kxc4 63. Kc7 Kd5 64. Kd7 Ke5
65. Ke7 f5 66. Kf7 f4 67. Nf1 Kf5 68. g4+ Kg5 69. Nh2 f3 70. h4+ Kxh4 71. Kxg6
f2 72. Nf1 Kxg4 73. Kxh6 Kf3 74. Kh5 Nc2 75. Kh4 Ne3 76. Nh2+ Kg2 77. Ng4 Nxg4
78. Kxg4 f1=Q 0-1

[Event "Titled Tue 27th May Early"]
[Site "chess.com INT"]
[Date "2025.05.27"]
[Round "11"]
[White "Felix, Raphael"]
[Black "Mizzi, Jack"]
[Result "1/2-1/2"]
[WhiteTitle "CM"]
[BlackTitle "CM"]
[WhiteElo "2201"]
[BlackElo "2086"]
[WhiteFideId "14339544"]
[BlackFideId "5602521"]
[EventDate "2025.05.27"]

1. Nf3 b6 2. b3 Bb7 3. Bb2 Nf6 4. e3 d5 5. Be2 e6 6. O-O Nbd7 7. d4 Bd6 8. Nbd2
O-O 9. c4 Re8 10. cxd5 exd5 11. Bd3 c5 12. Rc1 Rc8 13. Re1 Ne4 14. dxc5 bxc5 15.
Bxe4 dxe4 16. Nc4 Bb8 17. Nfd2 Re6 18. Qg4 Rg6 19. Qf5 Nf8 20. Nxe4 Qh4 21. Ng3
Ne6 22. Rcd1 Rf8 23. Ne5 Rg5 24. Nf3 Qxg3 25. Qxg5 Qxg5 26. Nxg5 Nxg5 27. f3
Bxf3 28. gxf3 Nxf3+ 29. Kg2 Nxe1+ 30. Rxe1 Rd8 31. Re2 f6 32. Rc2 Kf7 33. Kf3
Bd6 34. Ba3 Rc8 35. Rd2 Ke6 36. Bb2 Be5 37. Ba3 c4 38. bxc4 Rxc4 39. Rd8 Ra4 40.
Re8+ Kf7 41. Re7+ Kg6 42. Bc5 Rxa2 43. h4 h5 44. Rd7 Rh2 45. Bf8 f5 46. Rxa7
Rxh4 47. Ra6+ Bf6 48. Bd6 Re4 49. Bf4 Re7 50. Ra8 Rf7 51. Rh8 Rd7 52. Re8 Rb7
53. Ra8 Kf7 54. Kg3 Rd7 55. Kf3 g5 56. Bb8 Rd8 57. Ra7+ Kg6 58. Bg3 Rf8 59. Ra6
Rf7 60. Be5 Kg7 61. Bg3 Bc3 62. Rc6 Bf6 63. Ra6 h4 64. Bh2 Kg6 65. Be5 Kg7 66.
Bh2 Re7 67. Bd6 Re6 68. Bf8+ Kf7 69. Ra8 Re8 70. Rxe8 Kxe8 71. Bh6 Kf7 72. e4
g4+ 73. Kf4 h3 74. Kg3 Be5+ 75. Kf2 Bg3+ 76. Kxg3 fxe4 77. Bf4 Kg6 78. Kxg4 1/2-1/2

[Event "Titled Tue 27th May Early"]
[Site "chess.com INT"]
[Date "2025.05.27"]
[Round "11"]
[White "Madhesh Kumar S"]
[Black "Sathvik Adiga"]
[Result "0-1"]
[WhiteTitle "CM"]
[BlackTitle "IM"]
[WhiteElo "2243"]
[BlackElo "2341"]
[WhiteFideId "25168649"]
[BlackFideId "25745700"]
[EventDate "2025.05.27"]

1. e4 e6 2. Nf3 d5 3. e5 c5 4. b4 cxb4 5. d4 Nc6 6. a3 bxa3 7. c3 Nge7 8. Bd3
Nf5 9. Bxa3 Bxa3 10. Nxa3 a6 11. Bxf5 exf5 12. Nb5 O-O 13. O-O f6 14. Nd6 fxe5
15. dxe5 Nxe5 16. Qxd5+ Nf7 17. Nxf5 Qxd5 18. Ne7+ Kh8 19. Nxd5 Bg4 20. Nd4 Rac8
21. Rfb1 Nd6 22. Rb6 Rfd8 23. Ne3 Bh5 24. Ne6 Rd7 25. Nf4 Bf7 26. Rd1 Rcd8 27.
h3 Nc8 28. Rxd7 Rxd7 29. Rb4 b5 30. Ng4 Rc7 31. Ne5 Kg8 32. Rd4 Kf8 33. Ne2 Ke7
34. Re4 Kd6 35. f4 Nb6 36. Rd4+ Bd5 37. g4 Ke6 38. Nd3 Rc4 39. f5+ Kd6 40. Nb4
Rxd4 41. Nxd4 Bb7 42. g5 a5 43. Nd3 Ba6 44. f6 gxf6 45. gxf6 Nd5 46. f7 Ke7 47.
Nc5 Bc8 48. Nc6+ Kxf7 49. Nxa5 Nxc3 50. h4 Ke7 51. Kf2 Kd6 52. Nd3 Nd5 53. Nb3
Bf5 54. Ndc1 Ke5 55. Ne2 b4 56. Ned4 Bd3 57. Nc6+ Kd6 58. Ncd4 Bc4 59. Nd2 Ba2
60. Ke2 Ke5 61. Nc6+ Kd6 62. Nd4 Kc5 63. Ne6+ Kb5 64. Nd4+ Ka4 65. Kd3 b3 66.
Ne2 b2 67. Kc2 Ka3 68. Nb1+ Bxb1+ 69. Kxb1 Kb3 70. Nd4+ Kc4 71. Ne6 Kc3 72. Nc5
Nb6 73. Ne4+ Kd4 74. Ng5 Nc4 75. Nxh7 Kc3 76. Ng5 Nd2+ 0-1